[Event "Gibraltar Chess Festival 2017 - Masters"]
[Site "Gibraltar ENG"]
[Date "2017.01.30"]
[Round "7.10"]
[White "Ju, Wenjun"]
[Black "Fressinet, Laurent"]
[Result "1/2-1/2"]
[WhiteElo "2583"]
[BlackElo "2660"]
[PlyCount "175"]
[EventDate "2017.01.24"]
[EventType "swiss"]
[EventRounds "10"]
[EventCountry "ENG"]
[SourceTitle "Ajedrez en Madrid"]
[Source "lmi"]
[SourceDate "2017.01.24"]

1. d4 d5 2. c4 c6 3. cxd5 cxd5 4. Bf4 Nc6 5. Nc3 Nf6 6. e3 Bf5 7. Qb3 Na5 8.
Bb5+ Bd7 9. Qa4 e6 10. Bg5 Nc6 11. Nf3 Be7 12. Ne5 Qc7 13. Rc1 O-O 14. Bxc6
Bxc6 15. Nxc6 bxc6 16. O-O Rfc8 17. Bxf6 Bxf6 18. Ne2 Rab8 19. Rc2 Rb6 20. b4
Qb7 21. a3 Be7 22. Rfc1 a5 23. bxa5 Ra6 24. Nf4 Qa8 25. Nd3 Bf8 26. Rc3 Rxa5
27. Qc2 Rxa3 28. Ne5 Ra2 29. Qd1 Ra6 30. g3 Bd6 31. Nd3 g6 32. Rb1 Rb8 33. Rbc1
Rbb6 34. Kg2 Kg7 35. Qf3 Qd8 36. e4 Qg5 37. Nc5 Bxc5 38. Rxc5 Qf6 39. Qe3 dxe4
40. Qxe4 Rb4 41. Rxc6 Rxc6 42. Rxc6 Qxd4 43. Qxd4+ Rxd4 44. h4 e5 45. Ra6 e4
46. Rb6 Rd2 47. Kg1 f5 48. Rb3 Kh6 49. Kg2 Kh5 50. Ra3 Kg4 51. Rb3 Ra2 52. Rc3
Ra7 53. Rc4 Kh5 54. Rc3 Rd7 55. Rc5 Rd2 56. Rc3 h6 57. Ra3 g5 58. hxg5 hxg5 59.
Ra5 Kg6 60. Re5 Rd4 61. Kf1 f4 62. gxf4 gxf4 63. Kg2 Kf6 64. Re8 Ra4 65. Kh3
Kf5 66. Rf8+ Ke5 67. Kg4 f3 68. Rd8 Ra6 69. Rg8 Rf6 70. Kg3 Rh6 71. Rg7 Rh5 72.
Kg4 Rh6 73. Kg3 Rd6 74. Rg5+ Kd4 75. Ra5 Rg6+ 76. Kf4 Kd3 77. Ra3+ Ke2 78. Ra2+
Kf1 79. Kxe4 Kg2 80. Kf4 Rf6+ 81. Kg4 Re6 82. Kf4 Re2 83. Ra3 Rxf2 84. Kg4 Rf1
85. Rb3 Rc1 86. Rxf3 Rc4+ 87. Rf4 Rxf4+ 88. Kxf4 1/2-1/2

[Event "Gibraltar Chess Festival 2017 - Masters"]
[Site "Gibraltar ENG"]
[Date "2017.01.30"]
[Round "7.11"]
[White "Iturrizaga Bonelli, Eduardo"]
[Black "Stefanova, Antoaneta"]
[Result "0-1"]
[WhiteElo "2652"]
[BlackElo "2512"]
[PlyCount "110"]
[EventDate "2017.01.24"]
[EventType "swiss"]
[EventRounds "10"]
[EventCountry "ENG"]
[SourceTitle "Ajedrez en Madrid"]
[Source "lmi"]
[SourceDate "2017.01.24"]

1. c4 g6 2. Nc3 Bg7 3. d4 d6 4. g3 Nd7 5. Bg2 e5 6. Nf3 Ne7 7. O-O O-O 8. dxe5
dxe5 9. Qc2 Nc6 10. Rd1 Nd4 11. Nxd4 exd4 12. Ne4 Qe7 13. c5 Ne5 14. Rxd4 Nf3+
15. Bxf3 Bxd4 16. Bg5 Qe6 17. Rd1 Bg7 18. c6 bxc6 19. b3 Rb8 20. Bf4 Be5 21.
Bh6 Bg7 22. Be3 a5 23. Ng5 Qf6 24. Bxc6 Bb7 25. Bxb7 Rxb7 26. Rd7 h6 27. Ne4
Qf5 28. Qc6 Rb4 29. f3 Re8 30. Qxc7 Rexe4 31. fxe4 Rxe4 32. Rd3 Kh7 33. Qc5 Qe6
34. Kf2 Qf6+ 35. Kg2 Qe6 36. a4 h5 37. h3 Bh6 38. Kf3 Re5 39. Qd4 Rf5+ 40. Bf4
g5 41. e4 Rf6 42. e5 Rg6 43. Bd2 Qxh3 44. Qf2 Qf5+ 45. Ke2 Qxe5+ 46. Re3 Qd5
47. Qf3 Qd7 48. Qxh5 g4 49. Bc3 Rg5 50. Qh1 Rf5 51. Ke1 Kg6 52. Bd2 Bxe3 53.
Bxe3 Rh5 54. Qa8 Qd3 55. Qg8+ Kf6 0-1

[Event "Gibraltar Chess Festival 2017 - Masters"]
[Site "Gibraltar ENG"]
[Date "2017.01.30"]
[Round "7.12"]
[White "Akobian, Varuzhan"]
[Black "Debashis, Das"]
[Result "1-0"]
[WhiteElo "2633"]
[BlackElo "2472"]
[PlyCount "47"]
[EventDate "2017.01.24"]
[EventType "swiss"]
[EventRounds "10"]
[EventCountry "ENG"]
[SourceTitle "Ajedrez en Madrid"]
[Source "lmi"]
[SourceDate "2017.01.24"]

1. d4 Nf6 2. c4 e6 3. Nf3 b6 4. Bf4 Bb7 5. e3 Bb4+ 6. Nbd2 O-O 7. Bd3 d5 8. O-O
Nbd7 9. Qc2 h6 10. Rac1 c5 11. cxd5 Nxd5 12. Bd6 Re8 13. Nc4 cxd4 14. a3 Bxd6
15. Nxd6 Ne5 16. Nxb7 Nxf3+ 17. gxf3 Qg5+ 18. Kh1 dxe3 19. Be4 Qe7 20. Qc6 e2
21. Rg1 Nf4 22. Nd6 Nh3 23. Nxe8 Rxe8 24. Qc4 1-0

[Event "Gibraltar Chess Festival 2017 - Masters"]
[Site "Gibraltar ENG"]
[Date "2017.01.30"]
[Round "7.13"]
[White "Lalith, Babu M R"]
[Black "Sutovsky, Emil"]
[Result "0-1"]
[WhiteElo "2587"]
[BlackElo "2628"]
[PlyCount "108"]
[EventDate "2017.01.24"]
[EventType "swiss"]
[EventRounds "10"]
[EventCountry "ENG"]
[SourceTitle "Ajedrez en Madrid"]
[Source "lmi"]
[SourceDate "2017.01.24"]

1. Nf3 c5 2. c4 Nc6 3. d4 cxd4 4. Nxd4 Nf6 5. Nc3 e6 6. g3 Qb6 7. Nb3 Ne5 8.
Bg2 Nxc4 9. O-O d6 10. e4 Bd7 11. Qe2 Rc8 12. Rd1 Be7 13. Rd4 Ne5 14. Be3 Qa6
15. Qxa6 bxa6 16. Rad1 Nc4 17. Bc1 e5 18. R4d3 Bg4 19. Re1 Be6 20. Nd2 Nxd2 21.
Rxd2 O-O 22. Bf1 Rc6 23. Nd5 Bd8 24. Rdd1 Bxd5 25. exd5 Rc5 26. Be3 Ra5 27.
Bxa7 Rxa2 28. Re2 Ba5 29. Rc2 h6 30. Rc6 Bb4 31. Rb1 Nxd5 32. Bc4 Ra5 33. Rd1
Ne7 34. Rc7 Rc8 35. Rxc8+ Nxc8 36. Be3 Kf8 37. Rc1 d5 38. Bxd5 Rxd5 39. Rxc8+
Ke7 40. Kf1 f5 41. Rc7+ Kf6 42. Ke2 g5 43. Rc6+ Rd6 44. Rc4 a5 45. h4 f4 46.
hxg5+ hxg5 47. gxf4 gxf4 48. Bc1 Rd7 49. Rc2 Kf5 50. f3 Rh7 51. Kf1 Rh1+ 52.
Kg2 Re1 53. Kf2 Rd1 54. Rc6 Bd2 0-1

[Event "Gibraltar Chess Festival 2017 - Masters"]
[Site "Gibraltar ENG"]
[Date "2017.01.30"]
[Round "7.14"]
[White "Edouard, Romain"]
[Black "Shachar, Ehud"]
[Result "1-0"]
[WhiteElo "2613"]
[BlackElo "2374"]
[PlyCount "87"]
[EventDate "2017.01.24"]
[EventType "swiss"]
[EventRounds "10"]
[EventCountry "ENG"]
[SourceTitle "Ajedrez en Madrid"]
[Source "lmi"]
[SourceDate "2017.01.24"]

1. e4 e6 2. d4 d5 3. Nc3 Nc6 4. e5 f6 5. Bb5 Bd7 6. Nf3 Qe7 7. O-O Qf7 8. Rb1
Bb4 9. Qe2 Nge7 10. a3 Ba5 11. b4 Bb6 12. Na4 f5 13. Nc5 Bxc5 14. dxc5 O-O 15.
Bd3 a6 16. a4 a5 17. b5 Nb4 18. Ba3 Nxd3 19. Qxd3 Rfd8 20. Nd4 Kh8 21. f4 Rg8
22. Qd2 h6 23. Rf3 Qe8 24. Nb3 Nc8 25. Rh3 Qf7 26. Qc3 Be8 27. Rd1 Kh7 28. Bc1
Qd7 29. Be3 b6 30. Nd4 Qe7 31. Nf3 Kh8 32. Bf2 bxc5 33. Bxc5 Qd7 34. Qe3 Rb8
35. c4 Nb6 36. Bxb6 Rxb6 37. cxd5 exd5 38. Qc5 Bf7 39. Nd4 Rd8 40. Rc1 Rb7 41.
Re3 Re8 42. e6 Bxe6 43. Rxe6 Rxe6 44. Qf8+ 1-0

[Event "Gibraltar Chess Festival 2017 - Masters"]
[Site "Gibraltar ENG"]
[Date "2017.01.30"]
[Round "7.15"]
[White "Caruana, Fabiano"]
[Black "Lagno, Kateryna"]
[Result "1-0"]
[WhiteElo "2827"]
[BlackElo "2530"]
[PlyCount "103"]
[EventDate "2017.01.24"]
[EventType "swiss"]
[EventRounds "10"]
[EventCountry "ENG"]
[SourceTitle "Ajedrez en Madrid"]
[Source "lmi"]
[SourceDate "2017.01.24"]

1. e4 e5 2. Nf3 Nc6 3. Bb5 a6 4. Ba4 Nf6 5. O-O b5 6. Bb3 Bc5 7. a4 Rb8 8. c3
d6 9. d4 Bb6 10. a5 Ba7 11. h3 h6 12. Be3 Ra8 13. dxe5 Nxe5 14. Nxe5 dxe5 15.
Qxd8+ Kxd8 16. Bxa7 Rxa7 17. Bxf7 Nxe4 18. Bg6 Nd6 19. Nd2 Ke7 20. f4 exf4 21.
Rxf4 Bb7 22. Re1+ Kd8 23. Re5 Bc6 24. Nb3 Be8 25. Bd3 Bd7 26. Nc5 Re8 27. Rxe8+
Kxe8 28. b4 c6 29. Bg6+ Ke7 30. Rf3 Bc8 31. Kf2 Rc7 32. g4 Nc4 33. Kg3 Ne5 34.
Re3 Kd6 35. Bf5 Bxf5 36. gxf5 Rf7 37. Kf4 Ng6+ 38. Ke4 Ne7 39. Rf3 Nd5 40. Nxa6
Re7+ 41. Kd4 Re1 42. Nc5 Rd1+ 43. Rd3 Rf1 44. Ne4+ Kc7 45. Rg3 Rxf5 46. Rxg7+
Kb8 47. Nd6 Rf4+ 48. Kc5 Nxc3 49. Kxc6 Rxb4 50. Rg8+ Ka7 51. Nc8+ Ka6 52. Nb6
1-0

[Event "Gibraltar Chess Festival 2017 - Masters"]
[Site "Gibraltar ENG"]
[Date "2017.01.30"]
[Round "7.16"]
[White "Vitiugov, Nikita"]
[Black "Gunina, Valentina"]
[Result "1-0"]
[WhiteElo "2724"]
[BlackElo "2524"]
[PlyCount "111"]
[EventDate "2017.01.24"]
[EventType "swiss"]
[EventRounds "10"]
[EventCountry "ENG"]
[SourceTitle "Ajedrez en Madrid"]
[Source "lmi"]
[SourceDate "2017.01.24"]

1. d4 Nf6 2. c4 e6 3. Nc3 Bb4 4. Nf3 b6 5. e3 Bb7 6. Bd3 O-O 7. O-O Bxc3 8.
bxc3 Ne4 9. Ne1 f5 10. f3 Nf6 11. Qe2 d6 12. e4 fxe4 13. fxe4 e5 14. Nc2 Qe8
15. c5 bxc5 16. Rb1 Bc8 17. dxe5 dxe5 18. Ne3 Be6 19. Nf5 Nbd7 20. Rb7 Kh8 21.
Rxc7 a6 22. Rc6 a5 23. Bb5 Qf7 24. Rc7 Rad8 25. Bg5 Qg6 26. Bh4 Rf7 27. Rc6 Nf8
28. Bc4 Bxc4 29. Qxc4 Rd2 30. Bg3 h6 31. Nh4 Qh5 32. Rxc5 Rd1 33. Rxe5 Rxf1+
34. Qxf1 Qg4 35. Qf3 Qd7 36. Rf5 Kg8 37. Be5 N8h7 38. Qe2 Qb7 39. Bd4 Qb1+ 40.
Rf1 Qxe4 41. Qxe4 Nxe4 42. Rxf7 Kxf7 43. Kf1 Ke6 44. Ke2 g5 45. Nf3 g4 46. Nd2
Nxd2 47. Kxd2 h5 48. Ke3 Kf5 49. a4 Ng5 50. Bb6 Ne4 51. Kd4 Nd2 52. Kd5 h4 53.
c4 Nf1 54. Bg1 Kf6 55. c5 Ke7 56. Kc6 1-0

[Event "Gibraltar Chess Festival 2017 - Masters"]
[Site "Gibraltar ENG"]
[Date "2017.01.30"]
[Round "7.17"]
[White "Mikhalevski, Victor"]
[Black "Kovalenko, Igor"]
[Result "1/2-1/2"]
[WhiteElo "2504"]
[BlackElo "2684"]
[PlyCount "89"]
[EventDate "2017.01.24"]
[EventType "swiss"]
[EventRounds "10"]
[EventCountry "ENG"]
[SourceTitle "Ajedrez en Madrid"]
[Source "lmi"]
[SourceDate "2017.01.24"]

1. d4 Nf6 2. Nf3 e6 3. c4 a6 4. Nc3 Bb4 5. Bg5 h6 6. Bh4 b5 7. Qb3 c5 8. dxc5
Qa5 9. Bxf6 gxf6 10. Rc1 bxc4 11. Qxc4 Nc6 12. g3 Bxc5 13. Bg2 Rb8 14. O-O Be7
15. a3 O-O 16. Qf4 Qh5 17. Ne4 f5 18. Rxc6 Bb7 19. Rb6 fxe4 20. Ne5 Bg5 21.
Nxd7 Bxf4 22. Nf6+ Kh8 23. Nxh5 Bc7 24. Rb4 Bd6 25. Ra4 f5 26. e3 Rfd8 27. Rc1
Be5 28. Bf1 Bxb2 29. Rc2 Be5 30. Bxa6 Ra8 31. Bb5 Rxa4 32. Bxa4 Rd3 33. Nf4
Bxf4 34. gxf4 Rxa3 35. Bc6 Rb3 36. Bxb7 Rxb7 37. Rc6 Re7 38. f3 exf3 39. Kf2
Kg7 40. Kxf3 Kf6 41. Rc8 Kg6 42. Rg8+ Kh5 43. Kg3 Ra7 44. Re8 Ra6 45. Re7
1/2-1/2

[Event "Gibraltar Chess Festival 2017 - Masters"]
[Site "Gibraltar ENG"]
[Date "2017.01.30"]
[Round "7.18"]
[White "Shankland, Samuel L"]
[Black "Paehtz, Elisabeth"]
[Result "1-0"]
[WhiteElo "2674"]
[BlackElo "2468"]
[PlyCount "77"]
[EventDate "2017.01.24"]
[EventType "swiss"]
[EventRounds "10"]
[EventCountry "ENG"]
[SourceTitle "Ajedrez en Madrid"]
[Source "lmi"]
[SourceDate "2017.01.24"]

1. d4 d5 2. c4 c6 3. Nf3 Nf6 4. e3 g6 5. Nc3 Bg7 6. Be2 O-O 7. O-O e6 8. b4
dxc4 9. Bxc4 Nd5 10. Nxd5 exd5 11. Be2 Re8 12. Bd2 Nd7 13. a4 Nb6 14. b5 Nc4
15. Bc3 Be6 16. Qb3 Rc8 17. Rfc1 Bh6 18. Nd2 Nd6 19. Bb4 Nf5 20. bxc6 bxc6 21.
Bc5 Qc7 22. Rc3 Bd7 23. Qc2 Ng7 24. Nb3 Bf5 25. Qc1 Bd7 26. Qa3 Nf5 27. a5 Bf4
28. g3 Bg5 29. Nd2 h5 30. Nf3 Bf6 31. Rb1 Rb8 32. Rcb3 Rxb3 33. Rxb3 Bc8 34. a6
g5 35. Bd3 g4 36. Bxf5 gxf3 37. Bd6 Be7 38. Bxc7 Bxa3 39. Rb8 1-0

[Event "Gibraltar Chess Festival 2017 - Masters"]
[Site "Gibraltar ENG"]
[Date "2017.01.30"]
[Round "7.19"]
[White "Howell, David W L"]
[Black "Kollars, Dmitrij"]
[Result "1-0"]
[WhiteElo "2655"]
[BlackElo "2500"]
[PlyCount "95"]
[EventDate "2017.01.24"]
[EventType "swiss"]
[EventRounds "10"]
[EventCountry "ENG"]
[SourceTitle "Ajedrez en Madrid"]
[Source "lmi"]
[SourceDate "2017.01.24"]

1. c4 Nf6 2. g3 g6 3. Bg2 Bg7 4. Nc3 O-O 5. d4 d6 6. Nf3 Nc6 7. O-O e5 8. dxe5
Nxe5 9. Nxe5 dxe5 10. Qxd8 Rxd8 11. Bg5 Rd4 12. b3 c6 13. Na4 Bf5 14. h3 h5 15.
Be3 Rdd8 16. Nc5 Rab8 17. Rfd1 Rxd1+ 18. Rxd1 Bf8 19. Na4 Ra8 20. Nc5 Rb8 21.
Rd2 Be7 22. Nd3 e4 23. Ne1 a6 24. Nc2 c5 25. Bg5 b5 26. Ne3 Be6 27. Rc2 Kg7 28.
h4 bxc4 29. Nxc4 Rb4 30. Bd2 Rb8 31. Bg5 Rd8 32. Nd2 Bf5 33. e3 a5 34. Bxf6+
Kxf6 35. Nxe4+ Bxe4 36. Bxe4 Ke5 37. Bf3 Rb8 38. Be2 f5 39. Rd2 Rd8 40. Rc2 Rb8
41. Kf1 Kf6 42. Bd3 g5 43. hxg5+ Kxg5 44. Ke2 Rb4 45. Rc1 Rg4 46. f4+ Kf6 47.
Rh1 Rxg3 48. Kf2 1-0

[Event "Gibraltar Chess Festival 2017 - Masters"]
[Site "Gibraltar ENG"]
[Date "2017.01.30"]
[Round "7.21"]
[White "Piorun, Kacper"]
[Black "Cheng, Bobby"]
[Result "1-0"]
[WhiteElo "2651"]
[BlackElo "2452"]
[PlyCount "51"]
[EventDate "2017.01.24"]
[EventType "swiss"]
[EventRounds "10"]
[EventCountry "ENG"]
[SourceTitle "Ajedrez en Madrid"]
[Source "lmi"]
[SourceDate "2017.01.24"]

1. e4 e6 2. d4 d5 3. Nd2 h6 4. Ngf3 Nf6 5. e5 Nfd7 6. c4 dxc4 7. Bxc4 Nb6 8.
Bb3 Na6 9. O-O c5 10. Ne4 c4 11. Bc2 Nb4 12. Bb1 Nd3 13. b3 Nxc1 14. bxc4 Ba3
15. c5 Bb2 16. Nd6+ Ke7 17. cxb6 Qxb6 18. Be4 f5 19. exf6+ Kxd6 20. fxg7 Rg8
21. Rxc1 Bxc1 22. Qxc1 Ke7 23. Qxh6 e5 24. Qh7 Be6 25. Rb1 Rac8 26. h3 1-0

[Event "Gibraltar Chess Festival 2017 - Masters"]
[Site "Gibraltar ENG"]
[Date "2017.01.30"]
[Round "7.22"]
[White "Gupta, Abhijeet"]
[Black "Carlstedt, Jonathan"]
[Result "0-1"]
[WhiteElo "2645"]
[BlackElo "2413"]
[PlyCount "112"]
[EventDate "2017.01.24"]
[EventType "swiss"]
[EventRounds "10"]
[EventCountry "ENG"]
[SourceTitle "Ajedrez en Madrid"]
[Source "lmi"]
[SourceDate "2017.01.24"]

1. d4 Nf6 2. c4 e6 3. g3 c5 4. d5 exd5 5. cxd5 d6 6. Bg2 g6 7. Nf3 Bg7 8. O-O
O-O 9. a4 Re8 10. Nfd2 Nbd7 11. Nc3 a6 12. h3 Rb8 13. Nc4 Ne5 14. Na3 Nh5 15.
e4 c4 16. Be3 Bd7 17. a5 Qc8 18. Kh2 f5 19. Na4 b5 20. axb6 fxe4 21. Rc1 Rf8
22. b7 Qxb7 23. Nb6 c3 24. Rxc3 Nf3+ 25. Kh1 Bxc3 26. bxc3 Bf5 27. Nac4 Qe7 28.
Qa4 Rb7 29. Qa3 Rfb8 30. Rb1 Nf6 31. Ra1 Nd7 32. Qxa6 Nxb6 33. Nxb6 Qc7 34. Rb1
h5 35. c4 Ne5 36. Kh2 Qd8 37. Rb3 Nd3 38. Rb5 Nc5 39. Bxc5 dxc5 40. Na4 Rxb5
41. cxb5 Ra8 42. Qb6 Qxb6 43. Nxb6 Rb8 44. Nc4 Rxb5 45. g4 hxg4 46. hxg4 Bxg4
47. Nd6 Rb6 48. Nxe4 c4 49. Kg3 Bf5 50. Kf4 Rb3 51. Bf1 c3 52. Bd3 Rb4 53. f3
Rb2 54. Ke3 Bxe4 55. fxe4 Rh2 56. d6 Kf8 0-1

[Event "Gibraltar Chess Festival 2017 - Masters"]
[Site "Gibraltar ENG"]
[Date "2017.01.30"]
[Round "7.23"]
[White "Docx, Stefan"]
[Black "Sethuraman, S.P."]
[Result "0-1"]
[WhiteElo "2405"]
[BlackElo "2637"]
[PlyCount "56"]
[EventDate "2017.01.24"]
[EventType "swiss"]
[EventRounds "10"]
[EventCountry "ENG"]
[SourceTitle "Ajedrez en Madrid"]
[Source "lmi"]
[SourceDate "2017.01.24"]

1. c4 e6 2. Nc3 d5 3. d4 Bb4 4. cxd5 exd5 5. Bf4 c6 6. e3 Ne7 7. Bd3 Bf5 8.
Nge2 Nd7 9. O-O Bxd3 10. Qxd3 Ng6 11. Bg3 h5 12. h3 Nf6 13. e4 dxe4 14. Nxe4
Nd5 15. Nc5 h4 16. Bh2 b6 17. a3 bxc5 18. axb4 cxb4 19. Ra6 Qd7 20. Qc4 O-O 21.
Rxc6 Rad8 22. Bd6 Rfe8 23. Qxd5 Ne7 24. Qh5 Nxc6 25. Bc5 Re4 26. Rd1 Re5 27.
dxe5 Qxd1+ 28. Kh2 Qd5 0-1

[Event "Gibraltar Chess Festival 2017 - Masters"]
[Site "Gibraltar ENG"]
[Date "2017.01.30"]
[Round "7.24"]
[White "Garriga Cazorla, Pere"]
[Black "Gopal, G.N."]
[Result "0-1"]
[WhiteElo "2386"]
[BlackElo "2579"]
[PlyCount "72"]
[EventDate "2017.01.24"]
[EventType "swiss"]
[EventRounds "10"]
[EventCountry "ENG"]
[SourceTitle "Ajedrez en Madrid"]
[Source "lmi"]
[SourceDate "2017.01.24"]

1. Nf3 c5 2. c4 Nf6 3. Nc3 d5 4. cxd5 Nxd5 5. e4 Nb4 6. Bc4 Nd3+ 7. Ke2 Nf4+ 8.
Kf1 Ne6 9. b4 g6 10. Bxe6 Bxe6 11. bxc5 Bg7 12. d4 Nc6 13. Be3 Qa5 14. Rc1
O-O-O 15. Ne2 f5 16. Ng5 Bxa2 17. d5 fxe4 18. Nf4 Ne5 19. Nge6 g5 20. Nxg5 Bh6
21. h4 Qb5+ 22. Kg1 Bb3 23. Qd4 Nd3 24. Nxd3 Qxd3 25. Nf7 Qxd4 26. Bxd4 Bxc1
27. Nxh8 Rxd5 28. Rh3 Ba2 29. Bg7 Rd1+ 30. Kh2 Bf4+ 31. g3 e3 32. fxe3 Rd2+ 33.
Kg1 Bxe3+ 34. Kf1 Bc4+ 35. Ke1 Rc2 36. Kd1 Rc1# 0-1

[Event "Gibraltar Chess Festival 2017 - Masters"]
[Site "Gibraltar ENG"]
[Date "2017.01.30"]
[Round "7.25"]
[White "Arakhamia-Grant, Ketevan"]
[Black "Deac, Bogdan-Daniel"]
[Result "0-1"]
[WhiteElo "2370"]
[BlackElo "2572"]
[PlyCount "102"]
[EventDate "2017.01.24"]
[EventType "swiss"]
[EventRounds "10"]
[EventCountry "ENG"]
[SourceTitle "Ajedrez en Madrid"]
[Source "lmi"]
[SourceDate "2017.01.24"]

1. e4 c6 2. d4 d5 3. e5 Bf5 4. Nd2 e6 5. Nb3 Nd7 6. Nf3 h6 7. Be2 Ne7 8. O-O
Qc7 9. a4 g5 10. Be3 Bg6 11. Nfd2 Nf5 12. a5 f6 13. Bh5 Rg8 14. c4 fxe5 15.
cxd5 exd5 16. Bxg6+ Rxg6 17. Qh5 Kf7 18. dxe5 Qxe5 19. Nf3 Qf6 20. Nbd4 Ng7 21.
Qg4 Rd8 22. a6 b6 23. Rfc1 Bc5 24. b4 Bxd4 25. Bxd4 Qf5 26. Qg3 Ne6 27. Qd6
Nxd4 28. Nxd4 Rxd6 29. Nxf5 Rf6 30. Nd4 Ne5 31. h3 Rdd6 32. Rc3 Nc4 33. b5 c5
34. Nc6 Rd7 35. Rd1 Ke6 36. Re1+ Kd6 37. Re8 Na5 38. Nxa5 bxa5 39. Rc8 c4 40.
Rc6+ Ke7 41. Re3+ Kf7 42. Rc5 d4 43. Re1 c3 44. Kf1 a4 45. Rd1 Rfd6 46. Ra1 Rd5
47. Rc4 Rxb5 48. Ke1 Rb2 49. Rcxa4 d3 50. Rc4 d2+ 51. Kd1 Re7 0-1

[Event "Gibraltar Chess Festival 2017 - Masters"]
[Site "Gibraltar ENG"]
[Date "2017.01.30"]
[Round "7.26"]
[White "Grigoriants, Sergey"]
[Black "Siva, Mahadevan"]
[Result "1-0"]
[WhiteElo "2564"]
[BlackElo "2356"]
[PlyCount "127"]
[EventDate "2017.01.24"]
[EventType "swiss"]
[EventRounds "10"]
[EventCountry "ENG"]
[SourceTitle "Ajedrez en Madrid"]
[Source "lmi"]
[SourceDate "2017.01.24"]

1. Nf3 Nf6 2. c4 c5 3. g3 Nc6 4. Bg2 d5 5. cxd5 Nxd5 6. Nc3 Nc7 7. O-O e5 8.
Ne1 Be7 9. Nd3 f6 10. b3 Bd7 11. Bb2 O-O 12. f4 exf4 13. Nxf4 f5 14. Ncd5 Nxd5
15. Bxd5+ Kh8 16. Nh5 Nd4 17. Bxb7 Bb5 18. Rf2 Rb8 19. Bg2 Bg5 20. e3 Ne6 21.
Be5 Rb6 22. Qc2 Bd3 23. Qc3 Rf7 24. Re1 Kg8 25. Nf4 Bxf4 26. exf4 Rd7 27. Qc1
c4 28. Qa3 cxb3 29. axb3 Ra6 30. Qb4 Qb6 31. Qxb6 Rxb6 32. Bc3 Nc5 33. b4 Ne4
34. Rf3 Rc6 35. Rfe3 Rc4 36. Ra1 Nxc3 37. dxc3 Rxc3 38. Bf1 Kf8 39. b5 h6 40.
Be2 Kg8 41. Bf1 Kh7 42. Rf3 Rb3 43. Rxd3 Rbxd3 44. Bxd3 Rxd3 45. Rxa7 Rb3 46.
Rb7 Rb2 47. b6 Kg6 48. h3 Kh5 49. Rb8 Kg6 50. Kf1 Kf6 51. Ke1 g5 52. b7 Kg7 53.
Kd1 gxf4 54. gxf4 h5 55. h4 Kh7 56. Kc1 Rb6 57. Kc2 Kg7 58. Kc3 Rb1 59. Kd4 Rb5
60. Kc4 Rb1 61. Kd5 Rb2 62. Ke5 Rb5+ 63. Ke6 Kh7 64. Kf6 1-0

[Event "Gibraltar Chess Festival 2017 - Masters"]
[Site "Gibraltar ENG"]
[Date "2017.01.30"]
[Round "7.27"]
[White "Papp, Petra"]
[Black "Donchenko, Alexander"]
[Result "0-1"]
[WhiteElo "2352"]
[BlackElo "2559"]
[PlyCount "126"]
[EventDate "2017.01.24"]
[EventType "swiss"]
[EventRounds "10"]
[EventCountry "ENG"]
[SourceTitle "Ajedrez en Madrid"]
[Source "lmi"]
[SourceDate "2017.01.24"]

1. e4 g6 2. d4 Bg7 3. Nf3 d6 4. Be2 Nf6 5. Nc3 O-O 6. O-O a6 7. a4 Nc6 8. h3 b6
9. Re1 Bb7 10. Bf4 Nd7 11. Qd2 Nxd4 12. Nxd4 Bxd4 13. Qxd4 e5 14. Bxe5 dxe5 15.
Qe3 Qe7 16. Bc4 c6 17. Red1 Rad8 18. Bb3 Nc5 19. Ba2 a5 20. Bc4 Bc8 21. b3 Kg7
22. Rac1 Qh4 23. Be2 h5 24. Rxd8 Rxd8 25. Rd1 Rxd1+ 26. Bxd1 Qf4 27. Bf3 Qxe3
28. fxe3 Kf6 29. h4 Ke7 30. Kf2 Kd6 31. Ke1 Ba6 32. Be2 Bc8 33. Kd2 f6 34. g3
Bh3 35. Bf3 Nb7 36. Ke1 Kc5 37. Be2 Nd6 38. Bf3 b5 39. Kd2 Be6 40. Ke1 Nc8 41.
Be2 Bd7 42. axb5 cxb5 43. Na2 Nd6 44. Nc3 b4 45. Na4+ Bxa4 46. bxa4 Nxe4 47. g4
hxg4 48. Bxg4 f5 49. Bh3 Nc3 50. Kd2 Kd5 51. Bf1 Kc5 52. Bh3 Nxa4 53. e4 f4 54.
Be6 Nc3 55. Bf7 Nxe4+ 56. Kd3 Ng3 57. Bxg6 e4+ 58. Kd2 e3+ 59. Kd3 a4 60. h5 a3
61. Bf7 Nxh5 62. c3 bxc3 63. Kxc3 Nf6 0-1

[Event "Gibraltar Chess Festival 2017 - Masters"]
[Site "Gibraltar ENG"]
[Date "2017.01.30"]
[Round "7.28"]
[White "Mannion, Stephen R"]
[Black "Huzman, Alexander"]
[Result "0-1"]
[WhiteElo "2326"]
[BlackElo "2557"]
[PlyCount "120"]
[EventDate "2017.01.24"]
[EventType "swiss"]
[EventRounds "10"]
[EventCountry "ENG"]
[SourceTitle "Ajedrez en Madrid"]
[Source "lmi"]
[SourceDate "2017.01.24"]

1. e4 e6 2. d4 d5 3. Nd2 c5 4. exd5 Qxd5 5. dxc5 Nf6 6. Ngf3 Qxc5 7. Bd3 Nbd7
8. O-O Qc7 9. a4 Be7 10. Nb3 O-O 11. a5 Nd5 12. c3 N7f6 13. Re1 Rd8 14. Nbd4
Bd7 15. Ne5 Be8 16. Qe2 a6 17. Bd2 Bd6 18. Ndf3 h6 19. g3 Nd7 20. Nxd7 Bxd7 21.
Bc4 Nf6 22. Be3 Bc6 23. Bb3 Qe7 24. Nd4 Bd5 25. Bxd5 Nxd5 26. Bd2 Rac8 27. Qf3
Bc5 28. Nb3 Ba7 29. Ra4 Qf6 30. Qxf6 Nxf6 31. Be3 Bxe3 32. Rxe3 Kf8 33. Re2 Rc7
34. Rd2 Rd5 35. Rxd5 Nxd5 36. Rd4 Ke7 37. Kf1 f5 38. Ke2 Nf6 39. Nd2 e5 40. Rc4
Rxc4 41. Nxc4 Ke6 42. f3 g6 43. Kd3 g5 44. Nd2 h5 45. c4 g4 46. Ke3 gxf3 47.
Kxf3 Ng4 48. h3 e4+ 49. Ke2 Ne5 50. Ke3 Nd3 51. g4 hxg4 52. hxg4 fxg4 53. Nxe4
Nxb2 54. Nc5+ Ke5 55. Nxb7 Nxc4+ 56. Kf2 Kd5 57. Kg3 Ne5 58. Nd8 Kd6 59. Kf4
Kd7 60. Nb7 Nd3+ 0-1

[Event "Gibraltar Chess Festival 2017 - Masters"]
[Site "Gibraltar ENG"]
[Date "2017.01.30"]
[Round "7.29"]
[White "Javakhishvili, Lela"]
[Black "Ivanchuk, Vassily"]
[Result "1/2-1/2"]
[WhiteElo "2455"]
[BlackElo "2752"]
[PlyCount "85"]
[EventDate "2017.01.24"]
[EventType "swiss"]
[EventRounds "10"]
[EventCountry "ENG"]
[SourceTitle "Ajedrez en Madrid"]
[Source "lmi"]
[SourceDate "2017.01.24"]

1. d4 d6 2. Nf3 g6 3. c4 f5 4. g3 Bg7 5. Bg2 Nf6 6. O-O O-O 7. Nc3 c6 8. Rb1 a5
9. d5 e5 10. dxe6 Bxe6 11. b3 Na6 12. Ng5 Bc8 13. h4 Nh5 14. Bb2 f4 15. Nce4
Bf5 16. Nxd6 Bxb2 17. Rxb2 Qf6 18. Rd2 Nc5 19. Nxf5 Qxf5 20. Bh3 Qe5 21. Nf3
Qe7 22. g4 Nf6 23. Qc2 Rad8 24. Rfd1 Rxd2 25. Rxd2 Nfd7 26. Qb2 Ne4 27. Rd1 Re8
28. Qd4 Ndc5 29. g5 h6 30. gxh6 Kh7 31. e3 Rf8 32. exf4 Rxf4 33. Bg2 Qf6 34.
Ng5+ Nxg5 35. Qxf6 Rxf6 36. hxg5 Rf5 37. f4 Rxf4 38. Re1 Rf5 39. Re7+ Kh8 40.
Re8+ Kh7 41. Re7+ Kh8 42. Re8+ Kh7 43. Re7+ 1/2-1/2

[Event "Gibraltar Chess Festival 2017 - Masters"]
[Site "Gibraltar ENG"]
[Date "2017.01.30"]
[Round "7.30"]
[White "Zatonskih, Anna"]
[Black "Oparin, Grigoriy"]
[Result "1/2-1/2"]
[WhiteElo "2443"]
[BlackElo "2625"]
[PlyCount "82"]
[EventDate "2017.01.24"]
[EventType "swiss"]
[EventRounds "10"]
[EventCountry "ENG"]
[SourceTitle "Ajedrez en Madrid"]
[Source "lmi"]
[SourceDate "2017.01.24"]

1. d4 Nf6 2. c4 c5 3. d5 b5 4. cxb5 a6 5. bxa6 g6 6. Nc3 Bg7 7. e4 O-O 8. e5
Ne8 9. Nf3 d6 10. exd6 Nxd6 11. Bd3 Nxa6 12. O-O Nb4 13. Re1 e6 14. dxe6 Bxe6
15. Be3 Nxd3 16. Qxd3 Nc4 17. Qe2 Rb8 18. Rab1 Qa5 19. Ng5 Bf5 20. Rbc1 Nxe3
21. fxe3 h6 22. e4 Bc8 23. Nf3 Re8 24. Qc2 Be6 25. b3 c4 26. bxc4 Bxc4 27. e5
Rbc8 28. Qe4 Be6 29. Qe3 Qa3 30. h3 Rc5 31. Nd5 Qxe3+ 32. Nxe3 Rxc1 33. Rxc1
Bxa2 34. Ng4 Bd5 35. Kf2 Bxf3 36. Kxf3 h5 37. Nf6+ Bxf6 38. exf6 Re6 39. g4
Rxf6+ 40. Kg3 Kg7 41. Rc5 hxg4 1/2-1/2